| 000 | 01237cam a22003494a 4500 | ||
|---|---|---|---|
| 001 | 13767325 | ||
| 003 | NUST | ||
| 005 | 20241111164659.0 | ||
| 008 | 041101r20051971nyua b 001 0 eng | ||
| 010 | _a 2004060697 | ||
| 020 | _a0674017722 (pbk. : alk. paper) | ||
| 038 | _awaseem | ||
| 040 |
_aDLC _cDLC _dDLC |
||
| 042 | _apcc | ||
| 050 | 0 | 0 |
_aJC578 _b.R38 2005 |
| 082 | 0 | 0 |
_a340.11 _bRAW |
| 100 | 1 |
_aRawls, John, _d1921-2002. _981067 |
|
| 245 | 1 | 2 |
_aA theory of justice / _cJohn Rawls. |
| 250 | _aOriginal ed. | ||
| 260 |
_aCambridge, Mass. : _bBelknap Press, _c[2005?], c1971. |
||
| 300 |
_axv, 607 p. : _bill. ; _c23 cm. |
||
| 500 | _aReprint. Originally published: 1971. | ||
| 504 | _aIncludes bibliographical references and index. | ||
| 563 | _aPaperback. | ||
| 650 | 0 |
_aJustice. _912939 |
|
| 650 | 0 |
_aNLS2024, NLSTEXTBOOKS, NLSEBOOKBANK _9126869 |
|
| 856 | 4 | 1 |
_3Table of contents _uhttp://www.loc.gov/catdir/toc/fy053/2004060697.html |
| 856 | 4 | 1 | _uhttp://10.250.8.41:8080/xmlui/handle/123456789/47857 |
| 906 |
_a7 _bcbc _corignew _d1 _eocip _f20 _gy-gencatlg |
||
| 942 |
_2ddc _cBK |
||
| 999 |
_c585989 _d585989 |
||